[Event "San Francisco TNM Winter op"]
[Site "San Francisco"]
[Date "2015.01.20"]
[Round "3"]
[White "Rosenstein, Perry B"]
[Black "James, Charles"]
[Result "1-0"]
[WhiteElo "1745"]
[BlackElo "1409"]
[PlyCount "63"]
[EventDate "2015.01.06"]
[EventType "swiss"]
[EventRounds "8"]
[EventCountry "USA"]
[SourceTitle "EXT 2016"]
[Source "ChessBase"]
[SourceDate "2015.10.08"]
[SourceVersion "1"]
[SourceVersionDate "2015.10.08"]
[SourceQuality "1"]

1. e4 e6 2. Nf3 d5 3. exd5 exd5 4. d4 Nf6 5. c4 Bd6 6. Nc3 c6 7. Bg5 Be6 8. cxd5 cxd5 9. Bb5+ Nbd7 10. Ne5 0-0 11. Bxd7 Bxd7 12. Nxd7 Re8+ 13. Ne5 Bxe5 14. dxe5 Rxe5+ 15. Ne2 Rxg5 16. 0-0 Qb6 17. Qc2 Re8 18. Rad1 Rge5 19. Nf4 g5 20. Nd3 Rf5 21. Nb4 Rfe5 22. Nd3 Re4 23. Qd2 h6 24. Kh1 Re2 25. Qc1 Ne4 26. f4 Qe6 27. fxg5 Nxg5 28. Nf4 Qe4 29. Nxe2 Qxe2 30. Rde1 Qb5 31. Rxe8+ Qxe8 32. Qc7 1-0

[Event "San Francisco TNM Jay Whitehead op"]
[Site "San Francisco"]
[Date "2014.09.30"]
[Round "9"]
[White "Eytan, David"]
[Black "Rosenstein, Perry B"]
[Result "0-1"]
[WhiteElo "1496"]
[BlackElo "1767"]
[PlyCount "76"]
[EventDate "2014.08.05"]
[EventType "swiss"]
[EventRounds "9"]
[EventCountry "USA"]
[SourceTitle "EXT 2016"]
[Source "ChessBase"]
[SourceDate "2015.10.08"]
[SourceVersion "1"]
[SourceVersionDate "2015.10.08"]
[SourceQuality "1"]

1. e4 c5 2. Nf3 d6 3. Bc4 Nc6 4. Nc3 Nf6 5. d4 cxd4 6. Nxd4 g6 7. Be3 Bg7 8. f3 0-0 9. g4 Ne5 10. Be2 d5 11. g5 Nfd7 12. f4 Nc4 13. Bxc4 dxc4 14. h4 e5 15. Ndb5 a6 16. Nd6 exf4 17. Bd4 Ne5 18. Bxe5 Bxe5 19. Nxc4 Bxc3+ 20. bxc3 Qc7 21. Qd4 Be6 22. Nd2 Rfd8 23. Qb4 a5 24. Qb2 Qd6 25. 0-0-0 Bg4 26. Nf3 Qc7 27. Rxd8+ Rxd8 28. Nd4 f3 29. Kb1 Qf4 30. Qb6 Rc8 31. Rf1 Qxe4 32. Qxa5 f2 33. Qb5 Qe1+ 34. Kb2 Qxc3+ 35. Kb1 Qxd4 36. Qxb7 Qe5 37. Qg2 Rb8+ 38. Kc1 Qe3# 0-1

[Event "San Francisco TNM Summer op"]
[Site "San Francisco"]
[Date "2014.06.10"]
[Round "3"]
[White "Manvelyan, Hovik"]
[Black "Rosenstein, Perry B"]
[Result "0-1"]
[WhiteElo "2026"]
[BlackElo "1725"]
[PlyCount "99"]
[EventDate "2014.05.27"]
[EventType "swiss"]
[EventRounds "8"]
[EventCountry "USA"]
[SourceTitle "EXT 2016"]
[Source "ChessBase"]
[SourceDate "2015.10.08"]
[SourceVersion "1"]
[SourceVersionDate "2015.10.08"]
[SourceQuality "1"]

1. g3 f5 2. Nf3 Nf6 3. Bg2 g6 4. 0-0 Bg7 5. c4 0-0 6. Nc3 d6 7. d3 e5 8. Ng5 Qe8 9. Nd5 Na6 10. Rb1 c6 11. Nxf6+ Bxf6 12. f4 Nc7 13. b4 Bd7 14. e3 Rd8 15. Qc2 h6 16. Nf3 g5 17. Kh1 g4 18. Ng1 h5 19. h4 Qe7 20. Qf2 Kh8 21. Ne2 Rg8 22. Kg1 Rg7 23. fxe5 dxe5 24. Bb2 Be6 25. d4 Bxc4 26. dxe5 Bxe5 27. Bxe5 Qxe5 28. Rfc1 Bxe2 29. Qxe2 Qxg3 30. Qf2 Qxf2+ 31. Kxf2 Rd2+ 32. Kg3 Re7 33. Rb3 Rxa2 34. Rc5 Rf7 35. Re5 Rd2 36. Bf1 Nd5 37. Bc4 Kg7 38. Bxd5 Rxd5 39. Rxd5 cxd5 40. b5 b6 41. Rc3 Rd7 42. Kf4 d4 43. exd4 Rxd4+ 44. Kg5 Rd7 45. Rc6 Kf7 46. Rf6+ Ke7 47. Rxf5 Ke6 48. Rf6+ Kd5 49. Kxh5 Rg7 50. Kh6 0-1

[Event "San Francisco TNM Winter op"]
[Site "San Francisco"]
[Date "2014.02.18"]
[Round "7"]
[White "Rosenstein, Perry B"]
[Black "Manvelyan, Hovik"]
[Result "0-1"]
[WhiteElo "1546"]
[BlackElo "1925"]
[PlyCount "96"]
[EventDate "2014.01.07"]
[EventType "swiss"]
[EventRounds "8"]
[EventCountry "USA"]
[SourceTitle "EXT 2016"]
[Source "ChessBase"]
[SourceDate "2015.10.08"]
[SourceVersion "1"]
[SourceVersionDate "2015.10.08"]
[SourceQuality "1"]

1. e4 e6 2. d4 d5 3. Nc3 Bb4 4. e5 c5 5. Qg4 Ne7 6. Nf3 Nf5 7. Bd3 h5 8. Qf4 Nxd4 9. Nxd4 cxd4 10. Qxd4 Nc6 11. Bb5 Bd7 12. Bxc6 Bxc3+ 13. Qxc3 Bxc6 14. Qg3 Qb6 15. Qxg7 Qb4+ 16. Bd2 Qe4+ 17. Be3 0-0-0 18. 0-0-0 Rhg8 19. Qxf7 Qa4 20. Qxe6+ Kb8 21. Kb1 Rge8 22. Qf5 d4 23. Bf4 Rd5 24. Qd3 Rc8 25. Qb3 Qa6 26. e6+ Ka8 27. e7 Rc5 28. Rxd4 Qe2 29. Rd8 Be8 30. Rhd1 Qxe7 31. Rxc8+ Rxc8 32. Qd3 Qc5 33. Be3 Qc6 34. g3 Bg6 35. Qc3 Bxc2+ 36. Kxc2 Qe4+ 37. Rd3 Rxc3+ 38. Kxc3 b6 39. f4 Kb7 40. h3 Qe6 41. h4 Qxa2 42. Rd7+ Kc6 43. Rh7 Qa5+ 44. Kb3 Qd5+ 45. Kc3 Qe6 46. Bd4 Qe1+ 47. Kd3 Qxg3+ 48. Be3 Qg6+ 0-1

[Event "San Francisco TNM Spring op"]
[Site "San Francisco"]
[Date "2013.04.23"]
[Round "6"]
[White "Rosenstein, Perry B"]
[Black "MacIntyre, Brendan"]
[Result "0-1"]
[WhiteElo "1513"]
[BlackElo "1655"]
[PlyCount "78"]
[EventDate "2013.03.19"]
[EventType "swiss"]
[EventRounds "8"]
[EventCountry "USA"]
[SourceTitle "EXT 2016"]
[Source "ChessBase"]
[SourceDate "2015.10.08"]
[SourceVersion "1"]
[SourceVersionDate "2015.10.08"]
[SourceQuality "1"]

1. e4 c5 2. Nf3 Nc6 3. d4 cxd4 4. Nxd4 g6 5. Be3 Bg7 6. c4 Nf6 7. Nc3 0-0 8. Qd2 Ng4 9. Nxc6 dxc6 10. 0-0-0 Qa5 11. Kb1 Nxe3 12. Qxe3 Be6 13. h4 h5 14. Be2 Qb4 15. g4 Bxc4 16. Bxc4 Qxc4 17. gxh5 Rfd8 18. hxg6 Rxd1+ 19. Rxd1 fxg6 20. e5 Qxh4 21. f4 Qg4 22. Rg1 Qf5+ 23. Ka1 Bh6 24. Ne2 Kf7 25. e6+ Ke8 26. Rh1 Bg7 27. Nd4 Qf6 28. Qe4 Rd8 29. Rd1 Rd6 30. Rd2 Kf8 31. f5 Rxd4 32. Qe3 gxf5 33. a3 Rxd2 34. Qxd2 Qxe6 35. Qd8+ Kf7 36. Qd1 f4 37. Qh5+ Qg6 38. Qf3 Qg3 39. Qh5+ Kf6 0-1

[Event "San Francisco TNM Spring op"]
[Site "San Francisco"]
[Date "2013.04.10"]
[Round "4"]
[White "Rosenstein, Perry B"]
[Black "Campers, William"]
[Result "1-0"]
[WhiteElo "1513"]
[BlackElo "1661"]
[PlyCount "57"]
[EventDate "2013.03.19"]
[EventType "swiss"]
[EventRounds "8"]
[EventCountry "USA"]
[SourceTitle "EXT 2016"]
[Source "ChessBase"]
[SourceDate "2015.10.08"]
[SourceVersion "1"]
[SourceVersionDate "2015.10.08"]
[SourceQuality "1"]

1. e4 e6 2. Nf3 c6 3. d4 d5 4. exd5 exd5 5. c4 Nf6 6. Nc3 Bb4 7. Be2 0-0 8. 0-0 Bg4 9. cxd5 Nxd5 10. Qb3 Bxc3 11. bxc3 b5 12. Re1 Re8 13. Bd2 Nd7 14. Ne5 Nxe5 15. dxe5 Be6 16. Qc2 Ne7 17. Bd3 Ng6 18. f4 Bd5 19. Rad1 Qh4 20. g3 Qh3 21. Be4 Rad8 22. Bxd5 Rxd5 23. c4 Rc5 24. Re4 Rd8 25. Bb4 Rxd1+ 26. Qxd1 h5 27. Bxc5 h4 28. Qf3 hxg3 29. Qxg3 1-0

[Event "San Francisco TNM Spring op"]
[Site "San Francisco"]
[Date "2013.03.26"]
[Round "2"]
[White "Rosenstein, Perry B"]
[Black "Flores Gomez, David"]
[Result "1-0"]
[WhiteElo "1513"]
[BlackElo "1695"]
[PlyCount "35"]
[EventDate "2013.03.19"]
[EventType "swiss"]
[EventRounds "8"]
[EventCountry "USA"]
[SourceTitle "EXT 2016"]
[Source "ChessBase"]
[SourceDate "2015.10.08"]
[SourceVersion "1"]
[SourceVersionDate "2015.10.08"]
[SourceQuality "1"]

1. e4 e5 2. Bc4 Nf6 3. d4 Nc6 4. Nf3 Be7 5. 0-0 0-0 6. dxe5 Nxe4 7. Qe2 Ng5 8. Bxg5 Bxg5 9. Rd1 Bh6 10. Nc3 Na5 11. e6 fxe6 12. Bxe6+ Kh8 13. Ne5 Qe8 14. Bf7 Rxf7 15. Ng6+ hxg6 16. Qxe8+ Kh7 17. Qxf7 Nc6 18. Ne4 1-0

[Event "San Francisco TNM Spring op"]
[Site "San Francisco"]
[Date "2013.03.19"]
[Round "1"]
[White "Manvelyan, Hovik"]
[Black "Rosenstein, Perry B"]
[Result "1-0"]
[WhiteElo "1920"]
[BlackElo "1513"]
[PlyCount "71"]
[EventDate "2013.03.19"]
[EventType "swiss"]
[EventRounds "8"]
[EventCountry "USA"]
[SourceTitle "EXT 2016"]
[Source "ChessBase"]
[SourceDate "2015.10.08"]
[SourceVersion "1"]
[SourceVersionDate "2015.10.08"]
[SourceQuality "1"]

1. e4 c6 2. d4 d5 3. e5 Bf5 4. h4 e6 5. g4 Be4 6. f3 Be7 7. h5 Bh4+ 8. Ke2 c5 9. fxe4 dxe4 10. Bg2 Nc6 11. Bxe4 Nxd4+ 12. Kf1 Qe7 13. Nf3 0-0-0 14. Bd2 Bg3 15. Nxd4 Rxd4 16. Qf3 f5 17. Qxg3 fxe4 18. Bc3 Rd1+ 19. Kg2 Qd7 20. Na3 Rxa1 21. Rxa1 Ne7 22. Nc4 Rf8 23. Nd6+ Kb8 24. Rf1 Rxf1 25. Kxf1 Nd5 26. Qf2 e3 27. Qf8+ Kc7 28. Qf7 Qxf7+ 29. Nxf7 Kc6 30. Ng5 Nxc3 31. bxc3 Kd5 32. Nxh7 Kxe5 33. Ke2 Kf4 34. g5 Kg4 35. h6 gxh6 36. g6 1-0

[Event "San Francisco TNM Max Wilkerson op"]
[Site "San Francisco"]
[Date "2009.09.29"]
[Round "9"]
[White "Rosenstein, Perry B"]
[Black "Sherwood, Peter"]
[Result "1-0"]
[WhiteElo "1334"]
[BlackElo "1760"]
[PlyCount "103"]
[EventDate "2009.08.03"]
[EventType "swiss"]
[EventRounds "9"]
[EventCountry "USA"]
[SourceTitle "EXT 2012"]
[Source "ChessBase"]
[SourceDate "2011.11.24"]
[SourceVersion "1"]
[SourceVersionDate "2011.11.24"]
[SourceQuality "1"]

1. d4 d5 2. c4 dxc4 3. e4 e5 4. d5 Nf6 5. Nc3 Bc5 6. Bg5 0-0 7. Bxc4 Nbd7 8. Nf3 h6 9. Bh4 a6 10. a3 Re8 11. b4 Bd6 12. 0-0 Nf8 13. b5 a5 14. Qb3 b6 15. Nd2 Ng6 16. Bg3 Nh5 17. Be2 Nhf4 18. Bxf4 Nxf4 19. g3 Nxe2+ 20. Nxe2 Bh3 21. Rfd1 Bc5 22. Rac1 Bg4 23. Kf1 Qf6 24. Rxc5 bxc5 25. Nc4 a4 26. Qd3 Qf3 27. Qxf3 Bxf3 28. d6 cxd6 29. Nxd6 Red8 30. Ke1 Kf8 31. Rd2 Ke7 32. Nf5+ Kf6 33. Nc3 Rxd2 34. Kxd2 Bg4 35. Nd5+ Kg6 36. Nfe7+ Kh7 37. b6 Bd7 38. Kc3 Bc8 39. Kc4 Bb7 40. Kxc5 Rd8 41. Kb5 Ra8 42. f3 g6 43. Nc7 Rd8 44. Ned5 Kg7 45. Kxa4 Kf8 46. Kb5 f5 47. Ne6+ Ke8 48. Nxd8 Kxd8 49. a4 Kd7 50. a5 Bc6+ 51. Ka6 Kc8 52. Ne7+ 1-0

[Event "San Francisco TNM Max Wilkerson op"]
[Site "San Francisco"]
[Date "2009.09.01"]
[Round "5"]
[White "Rosenstein, Perry B"]
[Black "Allen, Tom"]
[Result "1-0"]
[WhiteElo "1334"]
[BlackElo "1526"]
[PlyCount "65"]
[EventDate "2009.08.03"]
[EventType "swiss"]
[EventRounds "9"]
[EventCountry "USA"]
[SourceTitle "EXT 2012"]
[Source "ChessBase"]
[SourceDate "2011.11.24"]
[SourceVersion "1"]
[SourceVersionDate "2011.11.24"]
[SourceQuality "1"]

1. d4 Nf6 2. c4 e5 3. dxe5 Ng4 4. Nf3 Bc5 5. e3 Nc6 6. b3 0-0 7. Be2 Re8 8. 0-0 Ngxe5 9. Nxe5 Nxe5 10. Bb2 a5 11. Nc3 Ra6 12. Ne4 Ba7 13. c5 Rh6 14. f4 Ng6 15. Qd4 f6 16. Bc4+ Kf8 17. Ba3 c6 18. Nd6 Re7 19. Nf5 d5 20. Nxh6 Re4 21. Qd2 gxh6 22. Bd3 Re8 23. Rfe1 Qe7 24. e4 Bxc5+ 25. Bxc5 Qxc5+ 26. Kh1 Qd4 27. f5 Ne5 28. Qxh6+ Kg8 29. Re3 Ng4 30. Rg3 Rxe4 31. Bxe4 Qxe4 32. h3 Bxf5 33. hxg4 1-0

[Event "San Francisco TNM Max Wilkerson op"]
[Site "San Francisco"]
[Date "2009.08.04"]
[Round "2"]
[White "Litowsky, Daniel"]
[Black "Rosenstein, Perry B"]
[Result "1-0"]
[WhiteElo "1705"]
[BlackElo "1334"]
[PlyCount "57"]
[EventDate "2009.08.03"]
[EventType "swiss"]
[EventRounds "9"]
[EventCountry "USA"]
[SourceTitle "EXT 2012"]
[Source "ChessBase"]
[SourceDate "2011.11.24"]
[SourceVersion "1"]
[SourceVersionDate "2011.11.24"]
[SourceQuality "1"]

1. e4 c6 2. d4 d5 3. Nc3 dxe4 4. Nxe4 Bf5 5. Ng3 Bg6 6. Nf3 Nf6 7. Bc4 e6 8. 0-0 Bd6 9. c3 0-0 10. Bg5 Nbd7 11. Qb3 Qc7 12. Rae1 Rae8 13. Nh4 c5 14. Nxg6 hxg6 15. Rd1 Bxg3 16. fxg3 Ne4 17. Bf4 e5 18. dxe5 Nxe5 19. Rfe1 Nf6 20. Re2 Re7 21. Rde1 Rfe8 22. Bb5 Nfd7 23. Bxd7 c4 24. Qc2 Qc5+ 25. Be3 Nf3+ 26. gxf3 Rxe3 27. Rxe3 Rxe3 28. Rxe3 Qxe3+ 29. Qf2 1-0